000
00428nam a2200145Ia 4500
008
151213s9999 xx 000 0 und d
100
_a
ফারুক মেহদী।
245
_a
শেকর।
_c
ফারুক মেহদী।
260
_a
ঢাকা
_b
জা. বি.
_c
1981
300
_a
8631 p.
650
_a
Bangla
650
_a
গল্প।
700
_a
ফারুক মেহদী।
999
_c
4418
_d
4418